Orígenes y desarrollo de la ciudad moderna / (Record no. 22166)

MARC details
000 -LEADER
campo de control de longitud fija 01112nam a2200277 i 4500
001 - NÚMERO DE CONTROL
campo de control 22166
003 - IDENTIFICADOR DE NÚMERO DE CONTROL
campo de control ES-MaACL
005 - FECHA Y HORA DE LA ÚLTIMA TRANSACCIÓN
campo de control 20230906152635.0
007 - CAMPO FIJO DE DESCRIPCIÓN FÍSICA--INFORMACIÓN GENERAL
campo de control de longitud fija t|
008 - DATOS DE LONGITUD FIJA--INFORMACIÓN GENERAL
campo de control de longitud fija 021223s1972 sp ||||1| spa d
080 ## - NÚMERO DE LA CLASIFICACIÓN DECIMAL UNIVERSAL
Número de la Clasificación Decimal Universal 711.4
100 1# - ENTRADA PRINCIPAL--NOMBRE DE PERSONA
Nombre de persona Aymonino, Carlo.
9 (RLIN) 24184
245 10 - MENCIÓN DEL TÍTULO
Título Orígenes y desarrollo de la ciudad moderna /
Mención de responsabilidad, etc. C. Aymonino ; [traducción y recopilación de textos clásicos: Laboratorio de Urbanismo de la Universidad de Barcelona].
260 ## - PUBLICACIÓN, DISTRIBUCIÓN, ETC.
Lugar de publicación, distribución, etc. Barcelona :
Nombre del editor, distribuidor, etc. Gustavo Gili,
Fecha de publicación, distribución, etc. [1972]
300 ## - DESCRIPCIÓN FÍSICA
Extensión 329 p. :
Otras características físicas il. ;
Dimensiones 24 cm.
490 1# - MENCIÓN DE SERIE
Mención de serie Colección ciencia urbanística ;
Designación de volumen o secuencia 2
505 8# - NOTA DE CONTENIDO CON FORMATO
Nota de contenido con formato Contiene además: Ciudades-jardín del mañana / E. Howard -- Una ciudad industrial / T. Garnier -- Proyectos 1912-1961 / L. Hilberseimer -- Sosgorod / N.A. Miljutin
650 14 - PUNTO DE ACCESO ADICIONAL DE MATERIA--TÉRMINO DE MATERIA
Término de materia o nombre geográfico como elemento de entrada Planes urbanísticos.
9 (RLIN) 16103
700 1# - ENTRADA AGREGADA--NOMBRE PERSONAL
Nombre de persona Howard, Ebenezer.
9 (RLIN) 64382
700 1# - ENTRADA AGREGADA--NOMBRE PERSONAL
Nombre de persona Garnier, Tony.
9 (RLIN) 55617
700 1# - ENTRADA AGREGADA--NOMBRE PERSONAL
Nombre de persona Hilberseimer, Ludwig.
9 (RLIN) 63674
700 1# - ENTRADA AGREGADA--NOMBRE PERSONAL
Nombre de persona Miljutin, N.A.
9 (RLIN) 81116
830 0# - PUNTO DE ACCESO ADICIONAL DE SERIE-TÍTULO UNIFORME
Título uniforme Colección ciencia urbanística ;
Designación de volumen o secuencia 2
9 (RLIN) 186992
852 ## - LOCALIZACIÓN
Ubicación ES-MaACL
Número de control de estantería C-48890
Sublocalización o colección R.84502
Holdings
Estatus retirado Estado de pérdida Estado de daño No para préstamo Biblioteca de origen Biblioteca actual Ubicación en estantería Fecha de adquisición Fuente de adquisición Total de préstamos Signatura topográfica completa Código de barras Visto por última vez Precio de reemplazo Tipo de ítem Koha
        Biblioteca del Ateneo de Madrid Biblioteca del Ateneo de Madrid Depósito 2 17/01/2008     C-48890 1022801 23/02/2023 23/02/2023 Libro impreso